000 00541nam a2200229Ia 4500
003 OSt
005 20220924142646.0
006 a|||||r|||| 00| 0
007 ta
008 ASM
024 _a302863
037 _cTextual
040 _aARTS
_cARTS
_bASM
041 _2ASM
_aASM
082 _aO164,1F93,1, 158M1
100 _aAli M.C.
_9213851
245 0 _aKusum kanan
260 _c1981
650 _aASSAMESE LITERATURE
_911738
942 _hO164,1F93,1, 158M1
_cTEXL
_2CC
999 _c451528
_d451528